| 000 | 00499nam a2200181 4500 | ||
|---|---|---|---|
| 003 | SEACOMMC | ||
| 005 | 20231013065306.0 | ||
| 008 | 231013b |||||||| |||| 00| 0 eng d | ||
| 040 | _aSEACOMMC | ||
| 082 |
_a519.4 _bPHI |
||
| 100 | 1 | _aPhillips, G.M. | |
| 245 | 1 |
_aTheory and applications of numerical analysis _cG.M. Phillips and P.J. Taylor |
|
| 250 | _a2nd ed. | ||
| 260 |
_aNew Delhi _bElsevier _c2006 |
||
| 650 | _aMathematics | ||
| 650 | _aProbabilities and applied mathematics | ||
| 942 | _cBOOK | ||
| 999 |
_c212 _d212 |
||